00507 2200193 4500001002100000005001500021035002000036008004100056245003800097100002000135250000600155260002800161300001200189084001400201082000800215650001000223520006800233990001200301INLIS00000000000101320240528094141 a0010-0524000248240528 1 ind 1 aIngin Bercinta /cNyi Penengah D. aPenengah D, Nyi a1 aJakarta :bZettu,c2014 a292 hlm a813 NYI i a813 4aFiksi aTak selamanya cinta meghadirkan bahagia, senyum dan canda tawa. a0743990